000 00519nam a22001937a 4500
003 OSt
005 20170403145412.0
008 170403b xxu||||| |||| 00| 0 eng d
020 _a9783527309832
040 _cDDC.
082 _a541.22NIE 2008.
100 _aNicolaou,K.C;Montagnon,T;
_912015
245 _aMolecules that changed the World.
260 _aWeinheim;Wiley-Vch,2008.
300 _a366p;co,ill:24cm.
504 _aincludes credit magics and index.
650 _aChemistry.
_9797
942 _2ddc
_cO_SHELF
999 _c5784
_d5784